| 000 | 00678nam a22001937a 4500 | ||
|---|---|---|---|
| 999 |
_c15653 _d15653 |
||
| 003 | AR-CdUCM | ||
| 008 | 190429b ||||| |||| 00| 0 spa d | ||
| 040 |
_aMUNICIPALIDAD PROVINCIAL DEL CUSCO _cBIBLIOTECA MUNICIPAL DEL CUSCO |
||
| 082 |
_a784.4 / _bC23 |
||
| 245 |
_aCancionero tiempo nuevo : _bNuestra canción es una arma de lucha que ponemos al servicio del pueblo / |
||
| 260 |
_aCusco : _bAmauta, |
||
| 300 |
_a50 páginas ; _c21 cm. |
||
| 505 | _aContenido : A desalambrar -- A la salida de Casapalca -- A mi palomita ... | ||
| 650 |
_aCancionero _96729 |
||
| 650 |
_aCanciones _914568 |
||
| 650 |
_aLucha _922084 |
||
| 942 |
_2ddc _cLIBROS |
||
| 945 |
_arah _d29/04/2019 |
||